| 000 | 00737 a2200241 4500 | ||
|---|---|---|---|
| 001 | 61527 | ||
| 999 |
_c61527 _d15792 |
||
| 003 | TR-AnTOB | ||
| 005 | 20230516120941.0 | ||
| 008 | 070618s2005 tu 00000 tur | ||
| 020 | _a9279021486 | ||
| 041 | _atur | ||
| 050 | 0 |
_aHA1107.5 _b.A978 2005 |
|
| 090 | _aHA1107.5 .A978 2005 | ||
| 245 | 0 | _aAvrupa ve Avrupalılar ile ilgili temel bilgiler ve rakamlar. | |
| 264 | 1 |
_aLüksemburg: _bAvrupa Toplulukları, _c2005. |
|
| 300 |
_a79 s.:rnk.res.; _c16 cm. |
||
| 650 | 0 |
_aEkonomik göstergeler _zAvrupa Birliği ülkeleri _933711 |
|
| 650 | 0 |
_aSosyal göstergeler _zAvrupa Birliği ülkeleri _933712 |
|
| 856 | 4 |
_uhttp://europa.eu.int/comm/publications/ _3Elektronik sürüm |
|
| 901 | _a0019742 | ||
| 902 | _aSA | ||
| 942 | _cBK | ||